00413nam a2200157Ia 45000010006000000050017000060080041000230410008000640820017000721000026000892450081001152600009001963000034002056500008002396540008002472011420260306172742.0260306t1998||||xx |||||||||||||| ||spa|| aESP a342.211bV73 aViola, FrancescoeAUT 0aDe la naturaleza a los derechos:blos derechos de la ética contemporánea c1998 axxvi, 435 páginas :c21 cm. aGEN aCDE